Simulación del sistema integrado de cuencas del oeste de la ciudad de Mendoza. /
Guardado en:
| Autor Principal: | |
|---|---|
| Formato: | Libro |
| Idioma: | Spanish |
| Publicado: |
Mendoza :
Centro regional andino, Departamento de hidrología de montaña y urbana,
1988.
|
| Etiquetas: |
Agregar Etiqueta
Sin Etiquetas, Sea el primero en etiquetar este registro!
|
| LEADER | 00555nam a22001455a 4500 | ||
|---|---|---|---|
| 001 | EUN.um020924 | ||
| 003 | AR-BaUNS | ||
| 005 | 20050623122900.0 | ||
| 008 | 041125s1988####ag#a##########000#0#spa#d | ||
| 245 | 1 | 0 | |a Simulación del sistema integrado de cuencas del oeste de la ciudad de Mendoza. / |c Mario Scaletta. |
| 260 | |a Mendoza : |b Centro regional andino, Departamento de hidrología de montaña y urbana, |c 1988. | ||
| 300 | |a No paginado : |b ilus. ; |c 31 cm. | ||
| 100 | 1 | |a Scaletta, Mario. | |
| 082 | 0 | 4 | |a 551.4 |
| 859 | |a Ar-BaUNS |b BIB. CENTRAL - Sector C |h 551.4 |i Sc44-1 |p 97706/989 | ||
